Nueas Revoleras /
Na minha lista:
| Autor principal: | |
|---|---|
| Formato: | Desconhecido |
| Idioma: | Spanish |
| Publicado em: |
México :
FINISTERRE,
1967.
|
| Assuntos: | |
| Tags: |
Adicionar Tag
Sem tags, seja o primeiro a adicionar uma tag!
|
MARC
| LEADER | 000000000a22000000004500 | ||
|---|---|---|---|
| 001 | 002978 | ||
| 041 | 0 | |a spa | |
| 082 | 0 | 4 | |a 861.6 |b A339n |
| 100 | 1 | |a Albornoz, Álvaro de | |
| 245 | 1 | 0 | |a Nueas Revoleras / |c Álvaro de Albornoz. |
| 260 | 1 | |a México : |b FINISTERRE, |c 1967. | |
| 300 | |a 102 páginas ; |c 17 cm. | ||
| 650 | 4 | |a LITERATURA ESPAÑOLA | |
| 650 | 4 | |a POESIA | |
| 999 | |c 9301 |d 9301 | ||
| 942 | |c BK |h 861.6 A339n |2 z | ||
